000 00876nam a2200265Ia 4500
003 GCL
005 20240530104830.0
008 140319s9999 xx 000 0 ara d
040 _aGCL /
_cGCL
082 0 4 _a150.05
_bس ع
100 1 _aسمير سرحان
245 1 0 _aعلم النفس : مجلة فصلية تصدر عن الهيئة المصرية العامة للكتاب (العدد 10 - 26 ) /
_cسمير سرحان
490 _aالهيئة العامة للاستعلامات
_v0
650 0 4 _aالاطفال
650 0 4 _aعلم النفس
650 0 4 _aالمخدرات
650 0 4 _aالعلاج النفسى
650 0 4 _aالسلوك
650 0 4 _aالامراض النفسية
650 0 4 _aالدوريات
650 0 4 _aالنمو النفسى
650 0 4 _aالادمان
700 1 _aكامليا عبدالفتاح
942 _2ddc
_cBK
999 _c51042
_d51042